000 00399nam a2200157Ia 4500
008 180207s9999 xx 000 0 und d
020 _a9780887058417
050 _bH542 1994
245 _aHere we go round the Mulbery bush /
260 _aWestport, CT :
260 _bWishing Well Book & Design,
260 _c1994
300 _aunpaged :
300 _bcolor illustration ;
300 _c18cm.
999 _c355703
_d355703